000 00753nam a2200253 a 4500
001 000009160
003 DO-SdBNP
005 20240412074310.0
007 ta
008 090928s1951 mx 000 p spa d
020 _a9789993454274
040 _aDO-SdBNP
_bspa
_cBNPHU
082 _aBNPHU861.4
_bI37
_222
100 1 _aIncháustegui Cabral, Héctor,
_d1912-1979
_921024
245 1 0 _aHéctor Incháustegui Cabral :
_btestimonios en el centenario de su natalicio (1912-2012)
260 _aSanto Domingo :
_bFundación Corripio,
_c2012.
300 _a77 p. ;
_c24 cm.
490 _aPrisma
590 _aInventariado, 2023 / DG
650 4 _aPosía dominicana
_923837
650 0 _aLiteratura dominicana.
_967
910 _aDG
942 _2ddc
_cLBS1
999 _c53114
_d53114